|
|
|
|
| LEADER |
00000ntmaa2200000 a 4500 |
| 001 |
vtls011705234 |
| 003 |
SK-MaSNL |
| 005 |
20260301141102.0 |
| 008 |
230802s1925 xo || 000 0 lat |
| 035 |
|
|
|a 765A3C45-7AA4-46C0-B7DC-3C8B3C105564
|
| 035 |
|
|
|a urn:nbn:sk:snk-tm3n332
|
| 035 |
|
|
|a urn:nbn:sk:snk-tm00e58i
|
| 040 |
|
|
|a SNKLA
|b slo
|c SNKLA
|e AACR2
|
| 041 |
0 |
|
|a lat
|
| 044 |
|
|
|a xo
|c SK
|
| 072 |
|
7 |
|a 27-78
|x Kresťanské združenia, spolky a organizácie. Rehoľné rády
|2 konspekt
|
| 080 |
|
|
|a 27-789.32
|2 2011
|
| 080 |
|
|
|a (062.21)
|2 2011
|
| 080 |
|
|
|a 025.171
|2 2011
|
| 080 |
|
|
|a 27-788-055.1
|2 2011
|
| 245 |
0 |
0 |
|a Alphabeticus numerus religiosorum Commissariatus Prov. S. Mariae
|
| 246 |
2 |
3 |
|a Alphabeticus numerus religiosorum Commissariatus Provinciae Sanctae Mariae
|
| 260 |
|
|
|a [Bratislava]
|c [1925?]
|
| 300 |
|
|
|a 44 nečíslovaných strán
|b rukopis, viazaný
|c 25 cm
|
| 500 |
|
|
|a Zoznam obsahuje rubriky: mená rehoľníkov a poznámky o ich odchode, obliečke, terciároch, úmrtí, prepustení z rehole v rokoch 1922-1924
|
| 500 |
|
|
|a Titul na štítku prednej dosky
|
| 520 |
2 |
|
|a Abecedný zoznam rehoľníkov komisariátu Mariánskej františkánskej provincie so sídlom v Bratislave
|
| 555 |
0 |
|
|a Inventár rukopisov Archívu literatúry a umenia Matice slovenskej. Rukopisy historických knižníc na Slovensku I. Martin: Matica slovenská 1992
|
| 610 |
2 |
7 |
|a Františkáni (Bratislava, Slovensko)
|b Mariánska provincia
|2 SNKLA
|9 50541
|
| 610 |
2 |
7 |
|a Františkáni
|2 SNKKA
|9 174796
|
| 650 |
0 |
7 |
|a rehoľníci
|2 SNKPH
|9 59447
|
| 655 |
|
7 |
|a zoznamy
|2 SNKPH
|9 29645
|
| 655 |
|
7 |
|a rukopisy
|2 SNKPH
|9 70548
|
| 852 |
|
|
|a Slovenská národná knižnica
|b Literárny archív
|
| 958 |
|
|
|a ZH
|
| 958 |
|
|
|a LAVD
|
| 999 |
|
|
|c 765992
|d 767922
|
| 952 |
|
|
|a SNKLA
|b SNKLA
|c SNKLA_DEP
|y NEVYP
|7 0
|p 17A1226094
|o snkRHKS 718
|0 0
|1 0
|4 0
|d 2017-08-02
|f 1
|l 0
|r 2026-02-24 00:19:01
|w 2026-02-24
|